000 00807nam a2200229 a 4500
001 48357
003 BD-RjUL
005 20211209054517.0
008 160813s1991 ii a|||| |||| 00| 0 ben d
020 _c: Tk. 20.00
035 _a(BD-RjUL)48476
040 _aBD-RjUL
_bben
_cBD-RjUL
041 _aben
082 _223
_a891.44409
_bMAA 1991
100 _aমল্লিক, সিদ্ধেশ্বর
_9146361
245 1 0 _aআস্তিক্যবাদ /
_c সিদ্ধেশ্বর মল্লিক
260 _aকলিকাতা :
_bসাহিত্যলোক,
_c১৯৯১
300 _a[১২], ৮৪ পৃ. :
_bচিত্র ;
_c২০ সেমি
650 _aবাংলা প্রবন্ধ
_9146362
650 _aBengali Essays
_9146363
942 _2ddc
_cBK
999 _c48357
_d48357